| 000 | 02179nam0a2200385 4500 | ||
|---|---|---|---|
| 001 | RU\NLR\bibl\1053276 | ||
| 005 | 20260407155809.0 | ||
| 010 |
_a5-98267-024-3 _915000 |
||
| 021 |
_aRU _b2006-88088 _94464 |
||
| 035 | _a(NLR Aleph) 001040576 | ||
| 090 |
_a815995 _c815995 |
||
| 100 | _a20070117d2006 |||y0rusy50 ca | ||
| 101 | 1 |
_arus _ceng |
|
| 102 | _aRU | ||
| 105 | _aa ||||||||| | ||
| 200 | 1 |
_aВытесняющая вентиляция в непроизводственных зданиях _eсправочное руководство REHVA _fХаксон Скинстад (ред.), Элизабет Мундт, Питер Нильсен и др. _g[пер. с англ.: Л.И. Баранов] |
|
| 205 | _a2-е изд., испр. | ||
| 210 |
_aМосква _cАВОК-ПРЕСС _d2006 |
||
| 215 |
_a98,[1] с. _cил., цв. ил. _d27 |
||
| 225 | 1 | _aТехническая библиотека НП "АВОК" | |
| 225 | 1 |
_aСправочное руководство _fREHVA. Федерация европ. ассоц. по отоплению и кондиционированию воздуха, НП "АВОК". НП "Инженеры по отоплению, вентиляции, кондиционированию воздуха, теплоснабжению и строит. теплофизике" _vN°1 |
|
| 300 | _aЗагл. ориг.: Displacement ventilation in non-industrial premises | ||
| 320 | _aБиблиогр.: с. 98-99 | ||
| 454 | 0 |
_12001#$aDisplacement ventilation in non-industrial premises _tDisplacement ventilation in non-industrial premises |
|
| 606 | 0 |
_aВентиляция _jСправочники _9942138 _3RU\NLR\auth\6630120 |
|
| 686 | _aН762.2я22 | ||
| 701 | 1 |
_aСкисад _bХ. _gХакон _4070 |
|
| 701 | 1 |
_aМундт _bЭ. _gЭлизабет _4070 |
|
| 701 | 1 |
_aНильсен _bП. _gПитер _4070 |
|
| 711 | 0 | 2 |
_aREHVA, федерация европейских ассоциаций по отоплению и кондиционированию воздуха _3RU\NLR\AUTH\8810097254 _9695622 |
| 801 | 0 |
_aRU _bNLR _c20030929 _gPSBO |
|
| 801 | 1 |
_aRU _bNLR _c20030929 |
|
| 942 | _cBOOK | ||
| 980 | _aNB | ||